| 000 | 00744nam a2200241 u 4500 | ||
|---|---|---|---|
| 005 | 20240228063616.0 | ||
| 008 | 121122s2006 r 000 0 eng d | ||
| 020 | _a9706888713 | ||
| 035 | _aUPN01000188915 | ||
| 049 | _aI | ||
| 050 | 4 |
_aPZ28 _bC7.2 |
|
| 100 | 1 |
_aCroteau, Marie-Danielle _933348 |
|
| 245 | 1 | 3 |
_aEl corazón del señor Gauguin / _cMarie-Danielle Croteau ; il. Isabelle Arsenault ; tr. Cecilia Pieck. |
| 260 |
_aMéxico : _bSM, _c2006. |
||
| 300 |
_a19 p. : _bil. col. |
||
| 440 | 0 | _aCuando era niño | |
| 534 |
_pTraducción de: _tLe coeur de monsieur Gauguin |
||
| 650 | 4 |
_aLiteratura infantil francesa _913687 |
|
| 650 | 4 |
_aNIÑOS EN EL ARTE _96654 |
|
| 905 | _aInfantil | ||
| 999 |
_c161018 _d161018 |
||